NBA 1st Overall Draft Pick Non-All Stars - Statistics

General Stats
  • This quiz has been taken 62 times
  • The average score is 6 of 12
Answer Stats
Year Drafted By Answer % Correct
2013 Cleveland Cavaliers Anthony Bennett
86%
2017 Philadelphia 76ers Markelle Fultz
81%
2014 Cleveland Cavaliers Andrew Wiggins
79%
2007 Portland Trail Blazers Greg Oden
78%
2001 Washington Wizards Kwame Brown
64%
2006 Toronto Raptors Andrea Bargnani
57%
1998 Los Angeles Clippers Michael Olowokandi
50%
1995 Golden State Warriors Joe Smith
40%
1989 Sacramento Kings Pervis Ellison
21%
1978 Portland Trail Blazers Mychal Thompson
19%
1976 Houston Rockets John Lucas
9%
1977 Milwaukee Bucks Kent Benson
9%
No matching quizzes found
Score Distribution
Percent of People with Each Score
Percentile by Number Answered
Your Score History
You have not taken this quiz